|
|
|
|
| LEADER |
00000nam a2200000 a 4500 |
| 001 |
vtls010428905 |
| 003 |
SK-MaSNL |
| 005 |
20260301132707.0 |
| 007 |
co cg muuua |
| 008 |
120611s2011 xo | fsp 000 0 slo |
| 015 |
|
|
|a SNBS2015
|
| 020 |
|
|
|a 9788097060329 (elektronická kniha)
|
| 040 |
|
|
|a SNK
|b slo
|c SNK
|e AACR2
|
| 041 |
0 |
|
|a slo
|
| 044 |
|
|
|a xo
|c SK
|
| 072 |
|
7 |
|a 502
|x Životné prostredie a jeho ochrana
|2 konspekt
|
| 080 |
|
|
|a 502
|2 2001
|
| 080 |
|
|
|a 53
|2 2001
|
| 080 |
|
|
|a 502:53
|2 2001
|
| 080 |
|
|
|a (0.034.44)
|2 2001
|
| 080 |
|
|
|a (075.8)
|2 2001
|
| 245 |
0 |
0 |
|a Fyzika v environmentálnom inžinierstve 1
|h elektronický zdroj
|c Bahýl, V. ... [et al.]
|
| 260 |
|
|
|a Zvolen
|b Technická univerzita
|b Data Service
|c [2011]
|
| 300 |
|
|
|a 1 elektronický optický disk (DVD)
|c 12 cm
|
| 500 |
|
|
|a Názov z disku
|
| 516 |
|
|
|a Textový dokument (učebnica), súbory vo formáte pdf, doc a i.
|
| 536 |
|
|
|a KEGA 3/7347/09
|
| 538 |
|
|
|a Technické požiadavky: PDF prehliadač, textový editor a i.
|
| 650 |
0 |
7 |
|a environmentálne inžinierstvo
|2 SNKPH
|9 67051
|
| 650 |
0 |
7 |
|a fyzika
|2 SNKPH
|9 816
|
| 650 |
0 |
7 |
|a environmentálna fyzika
|2 SNKPH
|9 67580
|
| 650 |
0 |
7 |
|a Environmental engineering
|2 SNKPHeng
|9 84640
|
| 650 |
0 |
7 |
|a Environmental physics
|2 SNKPHeng
|9 483897
|
| 650 |
0 |
7 |
|a Physics
|2 SNKPHeng
|9 266045
|
| 655 |
|
7 |
|a DVD
|2 SNKPH
|9 70751
|
| 655 |
|
7 |
|a elektronické zdroje
|2 SNKPH
|9 90954
|
| 655 |
|
7 |
|a učebnice vysokých škôl
|2 SNKPH
|9 70191
|
| 655 |
|
7 |
|a Electronic resources
|2 SNKPHeng
|9 175546
|
| 655 |
|
7 |
|a Textbooks (higher)
|2 SNKPHeng
|9 276436
|
| 700 |
1 |
|
|a Bahýl, Vladimír,
|d 1948-
|4 aut
|9 38779
|
| 700 |
1 |
|
|a Gajtanska, Milada,
|d 1976-
|4 aut
|9 190547
|
| 700 |
1 |
|
|a Igaz, Rastislav,
|d 1977-
|4 aut
|9 348612
|
| 700 |
1 |
|
|a Krišťák, Ľuboš,
|d 1980-
|4 aut
|9 171807
|
| 700 |
1 |
|
|a Němec, Miroslav,
|d 1976-
|4 aut
|9 204774
|
| 919 |
|
|
|a 978-80-970603-2-9
|
| 999 |
|
|
|c 751677
|d 753607
|
| 952 |
|
|
|a SNK
|b SNK
|y PREZ
|7 0
|p 17A0954538
|o snkSDVD 1467/1
|i snk2012/11335
|8 0
|0 0
|1 0
|4 0
|d 2012-06-11
|l 0
|r 2026-02-23 23:35:19
|w 2026-02-23
|